[Event "Tenerife-chT Preferente 1819"]
[Site "Tenerife"]
[Date "2019.01.19"]
[Round "5.2"]
[White "Rodriguez Torres, Cristo"]
[Black "Mendivil Anton, Daniel"]
[Result "0-1"]
[WhiteElo "1788"]
[BlackElo "2207"]
[PlyCount "52"]
[EventDate "2018.11.24"]
[EventType "team-tourn"]
[EventRounds "14"]
[EventCountry "ESP"]
[SourceTitle "CBM 189 Extra"]
[Source "ChessBase"]
[SourceDate "2019.05.31"]
[SourceVersion "1"]
[SourceVersionDate "2019.05.31"]
[SourceQuality "1"]
[WhiteTeam "Circulo de Amistad"]
[BlackTeam "Al Shah Mat Los Realejos"]
[WhiteTeamCountry "ESP"]
[BlackTeamCountry "ESP"]

1. e4 e6 2. d4 d5 3. exd5 exd5 4. Bd3 Nc6 5. c3 Bd6 6. Nf3 Nge7 7. Bg5 f6 8. Bh4 Bg4 9. h3 Bh5 10. Qc2 g5 11. g4 Bf7 12. Bg3 h5 13. gxh5 Bxh5 14. Qe2 Qd7 15. Bxd6 Qxd6 16. Nbd2 0-0-0 17. 0-0-0 Rde8 18. Rde1 Nd8 19. Bc2 Kb8 20. Qb5 Ne6 21. Re3 a6 22. Qa4 Nf4 23. Rhe1 Nc6 24. Bf5 Qd8 25. Rxe8 Bxe8 26. Qa3 Ne7 0-1

[Event "Tenerife-chT Primera 1718"]
[Site "Tenerife"]
[Date "2018.02.24"]
[Round "10.3"]
[White "Plasencia Garcia, Juan Carlos"]
[Black "Rodriguez Torres, Cristo"]
[Result "1/2-1/2"]
[WhiteElo "1682"]
[BlackElo "1825"]
[PlyCount "67"]
[EventDate "2017.11.11"]
[EventType "team-tourn"]
[EventRounds "14"]
[EventCountry "ESP"]
[SourceTitle "CBM 187 Extra"]
[Source "ChessBase"]
[SourceDate "2018.11.04"]
[SourceVersion "1"]
[SourceVersionDate "2018.11.04"]
[SourceQuality "1"]
[WhiteTeam "Ebano Casa Venezuela III"]
[BlackTeam "Circulo de Amistad XII Enero III"]
[WhiteTeamCountry "ESP"]
[BlackTeamCountry "ESP"]

1. Nf3 Nf6 2. g3 g6 3. Bg2 Bg7 4. c4 0-0 5. 0-0 d6 6. Nc3 e5 7. d3 Nc6 8. Bd2 Bd7 9. Qc1 Qc8 10. Bh6 Bh3 11. Bxg7 Kxg7 12. Ng5 Bxg2 13. Kxg2 h6 14. Nh3 Nh5 15. f4 f5 16. b3 Qd7 17. Qb2 Kh7 18. b4 Rae8 19. b5 Nd4 20. e3 Ne6 21. Nd5 c6 22. Nc3 exf4 23. gxf4 g5 24. Ne2 gxf4 25. exf4 Nc5 26. Rf3 Qe7 27. Ng3 Rg8 28. Ng5+ hxg5 29. Nxh5 gxf4+ 30. Kh1 Rg6 31. Nxf4 Nxd3 32. Rh3+ Rh6 33. Rxh6+ Kxh6 34. Qd2 1/2-1/2

[Event "Tenerife-chT Segunda"]
[Site "Tenerife"]
[Date "2015.05.02"]
[Round "11.1"]
[White "Perez Garcia, Saul"]
[Black "Rodriguez Torres, Cristo"]
[Result "1/2-1/2"]
[WhiteElo "1467"]
[BlackElo "1828"]
[PlyCount "53"]
[EventDate "2015.01.24"]
[EventType "swiss"]
[EventRounds "13"]
[EventCountry "ESP"]
[SourceTitle "EXT 2024"]
[Source "ChessBase"]
[SourceDate "2023.10.10"]
[SourceVersion "1"]
[SourceVersionDate "2023.10.10"]
[SourceQuality "1"]
[WhiteTeam "Casa de Venezuela Escuela"]
[BlackTeam "Universidad II"]
[WhiteTeamCountry "ESP"]
[BlackTeamCountry "ESP"]

1. d4 Nf6 2. Bg5 d6 3. Nd2 Bf5 4. Bxf6 gxf6 5. e4 Bg6 6. Bd3 e5 7. Ne2 Nc6 8. c3 Bg7 9. Nf3 Qd7 10. h3 f5 11. exf5 Bxf5 12. dxe5 Bxd3 13. Qxd3 Nxe5 14. Nxe5 Bxe5 15. Qe3 Qe6 16. f4 Bf6 17. Qxe6+ fxe6 18. Kf2 Kd7 19. Ke3 Raf8 20. g4 e5 21. fxe5 Bxe5 22. Rhf1 Ke7 23. Nd4 Bxd4+ 24. Kxd4 c6 25. Rae1+ Kd7 26. c4 Rhg8 27. a3 1/2-1/2

[Event "Tenerife-chT Primera"]
[Site "Tenerife"]
[Date "2015.02.07"]
[Round "3.4"]
[White "Rodriguez Torres, Cristo"]
[Black "Marrero Martin, Manuel"]
[Result "0-1"]
[WhiteElo "1828"]
[BlackElo "1826"]
[PlyCount "56"]
[EventDate "2015.01.24"]
[EventType "swiss"]
[EventRounds "14"]
[EventCountry "ESP"]
[SourceTitle "EXT 2024"]
[Source "ChessBase"]
[SourceDate "2023.10.10"]
[SourceVersion "1"]
[SourceVersionDate "2023.10.10"]
[SourceQuality "1"]
[WhiteTeam "Universidad"]
[BlackTeam "El Sauzal Libreria Barco II"]
[WhiteTeamCountry "ESP"]
[BlackTeamCountry "ESP"]

1. e4 e5 2. Nf3 Nc6 3. d4 exd4 4. Bc4 Nf6 5. e5 Ne4 6. 0-0 Be7 7. c3 d5 8. exd6 Nxd6 9. Bd5 Bg4 10. Qa4 0-0 11. Nxd4 Ne5 12. Nd2 c6 13. N2f3 Bxf3 14. Nxf3 Nd3 15. Be4 Nc5 16. Bxh7+ Kxh7 17. Qg4 Ne6 18. Re1 Kg8 19. Bh6 Bf6 20. Rad1 Qc7 21. Nh4 Bxh4 22. Rxe6 fxe6 23. Qxh4 Nf5 24. Bf4 Nxh4 25. Bxc7 Rf7 26. Be5 Ng6 27. Bg3 Re8 28. f3 e5 0-1

[Event "Tenerife-chT"]
[Site "Tenerife"]
[Date "2013.03.16"]
[Round "8.2"]
[White "Rodriguez Torres, Cristo"]
[Black "Hormiga Amador, Miguel Angel"]
[Result "0-1"]
[WhiteElo "1813"]
[BlackElo "2086"]
[PlyCount "62"]
[EventDate "2013.01.19"]
[EventType "team-tourn"]
[EventRounds "14"]
[EventCountry "ESP"]
[SourceTitle "EXT 2014"]
[Source "ChessBase"]
[SourceDate "2013.11.20"]
[SourceVersion "1"]
[SourceVersionDate "2013.11.20"]
[SourceQuality "1"]
[WhiteTeam "San Benito"]
[BlackTeam "Laguna Cotelec"]
[WhiteTeamCountry "ESP"]
[BlackTeamCountry "ESP"]

1. e4 c5 2. d3 Nc6 3. Nf3 d6 4. Bg5 g6 5. Qc1 Bg7 6. Be2 Nf6 7. Nc3 Nd4 8. 0-0 Nxe2+ 9. Nxe2 Bg4 10. Qf4 Qd7 11. Nc3 Nh5 12. Qe3 h6 13. Bh4 0-0 14. h3 Bxf3 15. Qxf3 f5 16. exf5 Rxf5 17. Qg4 Nf4 18. Rae1 e5 19. Ne2 g5 20. Nxf4 exf4 21. Re2 Rf7 22. Re6 Re7 23. Rfe1 Rxe6 24. Rxe6 Re8 25. Rxe8+ Qxe8 26. Bxg5 hxg5 27. Qxg5 Qe1+ 28. Kh2 Qxf2 29. Qd8+ Kh7 30. Qxd6 f3 31. Qg3 Be5 0-1

[Event "Tenerife-chT"]
[Site "Tenerife"]
[Date "2013.01.26"]
[Round "2.3"]
[White "Rodriguez Torres, Cristo"]
[Black "Pinto Henriquez, Rodrigo"]
[Result "0-1"]
[WhiteElo "1813"]
[BlackElo "2163"]
[PlyCount "54"]
[EventDate "2013.01.19"]
[EventType "team-tourn"]
[EventRounds "14"]
[EventCountry "ESP"]
[SourceTitle "EXT 2014"]
[Source "ChessBase"]
[SourceDate "2013.11.20"]
[SourceVersion "1"]
[SourceVersionDate "2013.11.20"]
[SourceQuality "1"]
[WhiteTeam "San Benito"]
[BlackTeam "El Sauzal Libreria Barco"]
[WhiteTeamCountry "ESP"]
[BlackTeamCountry "ESP"]

1. e4 e5 2. Nf3 Nc6 3. d4 exd4 4. Bc4 Nf6 5. e5 d5 6. Bb5 Ne4 7. Nxd4 Bd7 8. Bxc6 bxc6 9. 0-0 Bc5 10. f3 Ng5 11. f4 Ne4 12. Nc3 Bf5 13. Be3 Bxd4 14. Bxd4 Nxc3 15. bxc3 0-0 16. Bc5 Re8 17. Rb1 Qc8 18. h3 Qa6 19. Rf2 Qc4 20. Qd4 Qxa2 21. Rb7 a5 22. Ra7 a4 23. g4 Be4 24. Kh2 Qb1 25. Kg3 a3 26. e6 Rxe6 27. Bxa3 Qg1+ 0-1

[Event "Vecindario Hotel Avenida op"]
[Site "Vecindario"]
[Date "2007.08.11"]
[Round "6"]
[White "Rodriguez Torres, Cristo"]
[Black "Ortiz Perez, Hector"]
[Result "1-0"]
[WhiteElo "1805"]
[BlackElo "2018"]
[PlyCount "77"]
[EventDate "2007.08.06"]
[EventType "swiss"]
[EventRounds "7"]
[EventCountry "ESP"]
[SourceTitle "EXT 2008"]
[Source "ChessBase"]
[SourceDate "2007.11.25"]
[SourceVersion "1"]
[SourceVersionDate "2007.11.25"]
[SourceQuality "1"]

1. e4 c5 2. Nf3 d6 3. c3 Nf6 4. Be2 Nc6 5. d3 e6 6. 0-0 Be7 7. h3 0-0 8. Nh2 d5 9. Nd2 Qc7 10. f4 b6 11. e5 Nd7 12. Bg4 f5 13. Be2 Bb7 14. g4 g6 15. Ndf3 h6 16. h4 Kh7 17. d4 cxd4 18. cxd4 Na5 19. b3 Rac8 20. Bd2 Qc2 21. Qe1 Nb8 22. Rf2 Qc7 23. Rg2 Ba6 24. h5 gxh5 25. Bxa6 Nxa6 26. g5 Qd8 27. Nh4 Nc6 28. Qe2 Qe8 29. Qxa6 Nxd4 30. N2f3 Bc5 31. Qb7+ Kh8 32. g6 Rc7 33. g7+ Kg8 34. gxf8Q+ Kxf8 35. Qxc7 Nb5+ 36. Kh1 Nxc7 37. b4 Qe7 38. Rag1 Qf7 39. Ng6+ 1-0